000 00384nam a2200145Ia 4500
005 20240814120743.0
008 240813s9999||||xx |||||||||||||| ||und||
082 _a374.27 UNE
100 _aUNESCO
245 0 _aSocial education through television: All India Radio-UNESCO Pilot Project
260 _aParis
_bUNESCO
_c1963
300 _a44p
650 _aAdult Education
942 _cBK
999 _c10274
_d10274